[Event "Stuttgarter SF 1 - SC Weiße Dame Ulm 1"]
[Site "Oberliga Württemberg 2017/2018"]
[Date "2018.01.21"]
[Round "6"]
[White "Jochens, Arne"]
[Black "Benkovic, Petar"]
[Result "0-1"]
[WhiteElo "2233"]
[BlackElo "2307"]
[Annotator ""]
[Source ""]
[Remark ""]

1.c4 e6 2.Nf3 Nf6 3.Nc3 c5 4.g3 b6 5.Bg2 Bb7 6.O-O a6 7.b3 Be7
8.d4 cxd4 9.Qxd4 d6 10.Ba3 Nc6 11.Qf4 Qc7 12.Rfd1 Rd8 13.Rac1
Na7 14.Na4 Qb8 15.b4 b5 16.Nb2 O-O 17.Qe3 Qa8 18.Nd3 bxc4 19.Rxc4
d5 20.Rc2 d4 21.Qc1 Bd6 22.Bb2 e5 23.Nh4 Bxg2 24.Nxg2 Nd5 25.a3
Nb5 26.Qg5 h6 27.Qh5 Rfe8 28.Nh4 Nbc3 29.Rdc1 e4 30.Nc5 Re5 31.Qg4
Bxc5 32.bxc5 Rg5 33.Qh3 d3 34.Rxc3 Nxc3 35.Bxc3 dxe2 36.Re1 Rd1
37.Nf5 Qf8 38.Kg2 Qxc5 39.Nxh6+ gxh6 40.Qxh6 Rxg3+ 41.hxg3 Qxc3
42.Qg5+ Kf8 43.Kh2 Rxe1 44.Qd8+ Kg7 45.Qg5+ Kh7 46.Qh4+ Kg6 47.Qxe4+
Kf6 48.Qh4+ Ke6 49.Qg4+ Kd5 50.Qd7+ Ke4 51.f3+ Ke3 0-1

[Event "Stuttgarter SF 1 - SC Weiße Dame Ulm 1"]
[Site "Oberliga Württemberg 2017/2018"]
[Date "2018.01.21"]
[Round "6"]
[White "Neyman, Igor"]
[Black "Smolny, Frieder"]
[Result "1-0"]
[WhiteElo "2276"]
[BlackElo "2168"]
[Annotator ""]
[Source ""]
[Remark ""]

1.d4 Nf6 2.c4 g6 3.Nc3 d5 4.Nf3 Bg7 5.g3 dxc4 6.Qa4+ Nc6 7.Bg2
O-O 8.Qxc4 Nd7 9.e3 Nb6 10.Qe2 e5 11.Nxe5 Nxe5 12.dxe5 Be6 13.b3
Bxe5 14.Bb2 Nd5 15.Nxd5 Bxb2 16.Qxb2 Bxd5 17.O-O-O Bxg2 18.Rxd8
Rfxd8 19.Rd1 Rxd1+ 20.Kxd1 Bf3+ 21.Kc1 a5 22.Qf6 Bd5 23.Qe5 Be6
24.e4 a4 25.Kb2 axb3 26.axb3 Rd8 27.Kc3 Rd6 28.b4 Rc6+ 29.Kd3
f6 30.Qa5 Kg7 31.f4 b6 32.Qa8 Rc4 33.Qd8 c5 34.Qe7+ Bf7 35.Qxf7+
Kxf7 36.Kxc4 cxb4 37.Kxb4 g5 38.Kb5 Ke6 39.Kxb6 gxf4 40.gxf4
Kd6 41.Kb5 Kc7 42.Kc5 Kd7 43.Kd5 Ke7 44.Kc6 Ke6 45.Kc7 Ke7 46.f5 1-0

[Event "Stuttgarter SF 1 - SC Weiße Dame Ulm 1"]
[Site "Oberliga Württemberg 2017/2018"]
[Date "2018.01.21"]
[Round "6"]
[White "Egle, Heiko"]
[Black "Strunski, Andreas"]
[Result "1/2-1/2"]
[WhiteElo "2164"]
[BlackElo "2229"]
[Annotator ""]
[Source ""]
[Remark ""]

1.d4 d5 2.Nf3 Nf6 3.e3 Bg4 4.Bd3 e6 5.O-O c5 6.b3 Nc6 7.Bb2 Be7
8.Nbd2 O-O 9.h3 Bh5 10.a3 a6 11.Qe1 Bg6 12.Ne5 Nxe5 13.dxe5 Nd7
14.f4 b5 15.Bxg6 hxg6 16.c4 bxc4 17.bxc4 Nb6 18.Rc1 Rb8 19.Qe2
Nxc4 20.Nxc4 dxc4 21.Rxc4 Rb3 22.Bc1 Qb6 23.Rd1 Qb5 24.Qc2 {(=)}
Rb8 25.Rd3 Rxd3 26.Qxd3 Rd8 27.Qc2 Rd5 28.Kf2 g5 29.fxg5 Qb8
30.g6 Qxe5 31.gxf7+ Kxf7 32.Rf4+ Bf6 33.Bb2 Qh5 34.Bxf6 gxf6
35.Qb2 f5 36.e4 Qg5 37.g3 Rd3 38.Qb7+ Kf6 39.Rxf5+ exf5 40.Qxa6+
Ke5 41.Qxd3 fxe4 42.Qc3+ Kd6 43.Ke2 Kc6 44.Qb3 Qh5+ 45.g4 Qe5
46.Qa4+ Kb6 47.Ke3 Qg3+ 48.Kxe4 Qxh3 49.Qd7 Qg2+ 50.Ke5 Qg3+
51.Kf6 Qf4+ 52.Kg6 c4 53.Qe6+ Kc5 54.Qf5+ Qxf5+ 55.gxf5 c3 56.f6
c2 57.f7 c1Q 58.f8Q+ Kb6 1/2-1/2

[Event "Stuttgarter SF 1 - SC Weiße Dame Ulm 1"]
[Site "Oberliga Württemberg 2017/2018"]
[Date "2018.01.21"]
[Round "6"]
[White "Hofmann, Martin"]
[Black "Weber, Franz-Josef"]
[Result "0-1"]
[WhiteElo "2171"]
[BlackElo "2046"]
[Annotator ""]
[Source ""]
[Remark ""]

1.d4 Nf6 2.c4 c5 3.d5 e6 4.Nc3 exd5 5.cxd5 d6 6.e4 g6 7.Bb5+
Nbd7 8.a4 Bg7 9.Nf3 O-O 10.O-O a6 11.Be2 Re8 12.Qc2 b6 13.Re1
h6 14.Bf4 Qe7 15.h3 g5 16.Bh2 g4 17.hxg4 Nxg4 18.Bg3 Nde5 19.Qd2
Bd7 20.Nxe5 Nxe5 21.Ra3 b5 22.axb5 axb5 23.Rxa8 Rxa8 24.Nxb5
Bxb5 25.Bxb5 Rb8 26.Bf1 Rxb2 27.Qf4 {(=)} Qg5 28.Ra1 Qh5 29.Ra8+
Kh7 30.Rd8 Rb1 31.Qf5+ Qxf5 32.exf5 Nc4 33.Bf4 Be5 34.Be3 Nxe3
35.fxe3 Bg3 36.f6 h5 37.Rf8 h4 38.Rxf7+ Kg6 39.Rf8 Re1 40.e4
c4 41.Rc8 Rxe4 42.f7 Kxf7 43.Rxc4 Re1 44.Rc8 Rd1 45.Rc3 Kf6 46.Rd3
Re1 47.Rd2 Rc1 48.Re2 Rd1 49.Re3 Kf5 50.Rb3 Ke4 51.Rb5 Be5 52.Kf2
Bg3+ 53.Kg1 Ra1 54.Rb3 Kxd5 55.Rf3 Ke4 56.Rb3 d5 57.Rc3 d4 58.Rf3
d3 59.Rxd3 Rxf1+ 60.Kxf1 Kxd3 61.Kg1 Ke3 62.Kf1 Bf2 0-1

[Event "Stuttgarter SF 1 - SC Weiße Dame Ulm 1"]
[Site "Oberliga Württemberg 2017/2018"]
[Date "2018.01.21"]
[Round "6"]
[White "Mierzwa, Robert"]
[Black "Fritsch, Rolf"]
[Result "1/2-1/2"]
[WhiteElo "1990"]
[BlackElo "2167"]
[Annotator ""]
[Source ""]
[Remark ""]

1.d4 g6 2.c4 Bg7 3.Nf3 d6 4.g3 Nf6 5.Bg2 O-O 6.O-O Nc6 7.Nc3
Bf5 8.Re1 Ne4 9.Nh4 Nxc3 10.bxc3 Bd7 11.Rb1 Rb8 12.e4 e5 13.Be3
b6 14.Qd2 Na5 15.Bf1 Be6 16.d5 Bc8 17.c5 dxc5 18.Bxc5 Re8 19.Be3
Bd7 20.f4 c6 21.fxe5 cxd5 22.exd5 Bxe5 23.Nf3 Bg7 24.Bd4 Nb7 1/2-1/2

[Event "Stuttgarter SF 1 - SC Weiße Dame Ulm 1"]
[Site "Oberliga Württemberg 2017/2018"]
[Date "2018.01.21"]
[Round "6"]
[White "Gabriel, Robert"]
[Black "Wolf, Rainer"]
[Result "1-0"]
[WhiteElo "2133"]
[BlackElo "2023"]
[Annotator ""]
[Source ""]
[Remark ""]

1.Nf3 d5 2.d4 Nf6 3.c4 c6 4.e3 e6 5.Bd3 Be7 6.O-O O-O 7.Nc3 Nbd7
8.e4 dxe4 9.Nxe4 Nxe4 10.Bxe4 Nf6 11.Bc2 c5 12.Be3 Qc7 13.Qe2
Ng4 14.Ne5 Nxe3 15.fxe3 f5 16.Rad1 b6 17.h3 Bf6 18.Nf3 e5 19.dxe5
Bxe5 20.Nxe5 Qxe5 21.Qf3 Be6 22.b3 Rae8 23.Rd3 Rf7 24.Qf4 Qxf4
25.exf4 Bc8 26.Rd5 g6 27.Rfd1 Rfe7 28.R1d2 Bb7 29.Rd7 Re1+ 30.Kf2
Bxg2 31.Kxg2 R1e2+ 32.Kg3 R8e3+ 33.Kh4 h6 34.Bd1 Rxd2 35.Rxd2
Kf7 36.Rf2 Kf6 37.Bf3 g5+ 38.Kg3 Rc3 39.Rd2 Ke6 40.Rd8 Rc2 41.Rh8
gxf4+ 42.Kxf4 Rxa2 43.Rxh6+ 1-0

[Event "Stuttgarter SF 1 - SC Weiße Dame Ulm 1"]
[Site "Oberliga Württemberg 2017/2018"]
[Date "2018.01.21"]
[Round "6"]
[White "Migl, Dieter"]
[Black "Berning, Boris"]
[Result "1/2-1/2"]
[WhiteElo "2106"]
[BlackElo "2006"]
[Annotator ""]
[Source ""]
[Remark ""]

1.e4 c5 2.Nc3 e6 3.f4 d6 4.Nf3 a6 5.d4 cxd4 6.Nxd4 Nf6 7.Qf3
Qb6 8.Nb3 Be7 9.Be3 Qc7 10.g4 Nc6 11.g5 Nd7 12.O-O-O b5 13.Kb1
Rb8 14.Bd3 Na5 15.Bd4 b4 16.Bxg7 Rg8 17.Nd5 exd5 18.Bd4 Nxb3
19.cxb3 dxe4 20.Qxe4 Nf8 21.Rhe1 Ng6 22.Bf6 Bb7 23.Qd4 Kf8 24.Bxe7+
Nxe7 25.Bxh7 Rg7 26.Bd3 Qc5 27.Qf6 Ng8 28.Qf5 Qxf5 1/2-1/2

[Event "SK Bebenhausen 1 - SV Jedesheim 1"]
[Site "Oberliga Württemberg 2017/2018"]
[Date "2018.01.21"]
[Round "6"]
[White "Pikula, Dejan"]
[Black "Braun, Georg"]
[Result "1-0"]
[WhiteElo "2472"]
[BlackElo "2297"]
[Annotator ""]
[Source ""]
[Remark ""]

1.d4 Nf6 2.Bf4 g6 3.Nc3 d6 4.e4 a6 5.Qd2 b5 6.f3 Nbd7 7.a4 b4
8.Nd1 a5 9.c3 bxc3 10.bxc3 Bg7 11.Bh6 Bxh6 12.Qxh6 e5 13.Bb5
Ng8 14.Qd2 Ne7 15.Ne2 c6 16.Bd3 O-O 17.O-O d5 18.Ne3 Rb8 19.exd5
exd4 20.cxd4 Nxd5 21.Nxd5 cxd5 22.Rab1 Qe7 23.Rb5 Rxb5 24.Bxb5
Re8 25.Qxa5 Qe3+ 26.Rf2 Rf8 27.Qc3 Qe6 28.Nf4 Qd6 29.Nd3 Ba6
30.Qc6 Qxc6 31.Bxc6 Bxd3 32.Bxd7 Rd8 33.Bb5 Bxb5 34.axb5 Rb8
35.Rb2 Kf8 36.Kf2 Ke7 37.Ke3 Kd6 38.Kf4 f6 39.g4 Rb6 40.h4 Ke6
41.Ke3 Kd7 {Ein Partieformular gab 41...Kd7 an, das andere 41...Kf7 usw.}
42.Kd3 Rb8 43.Ke3 Rb6 44.Kf4 Ke7 45.Rb1 Ke6 46.Rb3 Ke7 47.Ke3
Kd6 48.Kd3 Rb8 49.Kc2 g5 50.hxg5 fxg5 51.Kb2 Kc7 52.Rc3+ Kd6
53.Rc6+ Kd7 54.Rc5 Kd6 55.Kb3 Rf8 56.Rc3 Ra8 57.Kb4 Ra1 58.Rc6+
Kd7 59.Kc5 Ra3 60.Rf6 Rb3 61.b6 1-0

[Event "SK Bebenhausen 1 - SV Jedesheim 1"]
[Site "Oberliga Württemberg 2017/2018"]
[Date "2018.01.21"]
[Round "6"]
[White "Anistratov, Dmitriy"]
[Black "Carstens, Andreas"]
[Result "1-0"]
[WhiteElo "2233"]
[BlackElo "2230"]
[Annotator ""]
[Source ""]
[Remark ""]

1.Nf3 Nf6 2.g3 g6 3.b3 Bg7 4.Bb2 O-O 5.Bg2 d6 6.d4 e5 7.dxe5
Ng4 8.h3 Nxe5 9.Nxe5 dxe5 10.Qxd8 Rxd8 11.Nd2 Nc6 12.O-O-O Be6
13.g4 Rab8 14.e3 h6 15.Rhg1 Nb4 16.a3 Nd5 17.Nc4 f6 18.Na5 c6
19.c4 Ne7 20.Rxd8+ Rxd8 21.Nxb7 Rb8 22.Nc5 Bf7 23.Rd1 a5 24.Kc2
Be8 25.Bc3 Ra8 26.a4 f5 27.Ne6 Bf6 28.gxf5 gxf5 29.Nc7 Rc8 30.Nxe8
Rxe8 31.f4 Kf7 32.fxe5 Bg5 33.Bf3 Ra8 34.Rd3 Ra6 35.Bh5+ Ke6
36.Rd6# 1-0

[Event "SK Bebenhausen 1 - SV Jedesheim 1"]
[Site "Oberliga Württemberg 2017/2018"]
[Date "2018.01.21"]
[Round "6"]
[White "Frick, Christoph"]
[Black "Trussevich, Sergey"]
[Result "0-1"]
[WhiteElo "2215"]
[BlackElo "2244"]
[Annotator ""]
[Source ""]
[Remark ""]

1.e4 c5 2.Nc3 Nc6 3.g3 g6 4.Bg2 Bg7 5.d3 e6 6.Nh3 Nge7 7.O-O
d6 8.Be3 h6 9.Qd2 Nd4 10.Nd1 Ndc6 11.c3 Qa5 12.Nf4 Bd7 13.Ne2
Ne5 14.h3 Bb5 15.Nc1 Qa6 16.c4 Bd7 17.Nc3 Rc8 18.Nb3 Qb6 19.f4
N5c6 20.g4 Nd4 21.Ne2 f5 22.Nbxd4 cxd4 23.Bf2 h5 24.gxf5 exf5
25.Rac1 O-O 26.b4 Be6 27.Bh4 Rfe8 28.Ng3 fxe4 29.Nxe4 Nf5 30.Bg5
Rf8 31.Rf2 Kh7 32.a4 Ne3 33.Be7 Rfe8 34.Bxd6 Bf5 35.c5 Qa6 36.Ng5+
Kh8 37.Be4 Qxa4 38.Bxb7 Qb5 39.Bxc8 Rxc8 40.Be5 Qc6 41.Nf7+ Kh7
42.Nd6 Bxh3 43.Bxg7 Kxg7 44.Re1 Qd7 45.Rxe3 dxe3 46.Qxe3 Rf8
47.Kh2 Bg4 48.Qe5+ Kh7 49.b5 Qd8 50.Kg3 Qb8 51.Ne4 Qxb5 52.Nf6+
Rxf6 53.Qxf6 Qxd3+ 54.Kh4 Bf5 55.Qe7+ Kh6 56.Qf8+ Kh7 57.Ra2
a6 58.Rb2 Bd7 59.Qd6 Qh3+ 60.Kg5 Qf5+ 0-1

[Event "SK Bebenhausen 1 - SV Jedesheim 1"]
[Site "Oberliga Württemberg 2017/2018"]
[Date "2018.01.21"]
[Round "6"]
[White "Engelhart, Achim"]
[Black "Roth, Jürgen Eugen"]
[Result "1-0"]
[WhiteElo "2076"]
[BlackElo "2099"]
[Annotator ""]
[Source ""]
[Remark ""]

1.e4 c5 2.Nf3 Nc6 3.d4 cxd4 4.Nxd4 e5 5.Nb5 d6 6.c4 Nf6 7.N1c3
a6 8.Na3 Be7 9.Nc2 O-O 10.Be2 Be6 11.O-O Rc8 12.b3 Ne8 13.Bb2
g6 14.Nd5 f5 15.exf5 gxf5 16.f4 Nf6 17.Nce3 Ne4 18.Bd3 Qe8 19.Bxe4
fxe4 20.f5 Bd7 21.Qg4+ Kh8 22.Qxe4 Bg5 23.Rad1 Ne7 24.Kh1 Nxd5
25.Nxd5 Bc6 26.h3 b5 27.cxb5 axb5 28.Qb4 Bxd5 29.Rxd5 Rc2 30.Ba1
Be7 31.a3 Rg8 32.Rd2 Qc6 33.Rg1 Rg3 34.Kh2 Rxd2 35.Kxg3 Re2 36.Kh2
Bg5 37.Qg4 1-0

[Event "SK Bebenhausen 1 - SV Jedesheim 1"]
[Site "Oberliga Württemberg 2017/2018"]
[Date "2018.01.21"]
[Round "6"]
[White "Kitzberger, Joachim"]
[Black "Stiepan, Hans-Michael"]
[Result "1/2-1/2"]
[WhiteElo "2046"]
[BlackElo "2086"]
[Annotator ""]
[Source ""]
[Remark ""]

1.d4 e6 2.e4 d5 3.exd5 exd5 4.Nf3 Nf6 5.Bg5 Bd6 6.Bd3 O-O 7.O-O
Bg4 8.Nbd2 Nbd7 9.c3 c6 10.Qc2 Qc7 11.Bf5 Rfe8 12.Rfe1 Bh5 13.Bh4
Bg6 14.Bg3 Bxg3 15.hxg3 Qd6 16.Qd3 Ng4 17.Bxg6 hxg6 18.Rxe8+
Rxe8 19.Re1 Rxe1+ 20.Nxe1 Qe6 21.Nef3 Ndf6 22.Qf1 Ne4 23.Nxe4
dxe4 24.Ng5 Qd5 25.Qc1 e3 26.f3 Qxg5 27.fxg4 f5 28.Qe1 Qe7 29.Qe2
Qe4 30.gxf5 gxf5 31.Kh2 Kf7 32.b3 Kf6 33.a4 a5 34.Kg1 Qb1+ 35.Kh2
Qc1 36.Qc4 Qd1 37.Qc5 Qh5+ 38.Kg1 Qd1+ 39.Kh2 Qh5+ 40.Kg1 Qe8
41.Kf1 Qe4 42.Qd6+ Kf7 43.Ke2 Qxg2+ 44.Kxe3 Qe4+ 45.Kd2 Qg2+
46.Ke3 Qe4+ 47.Kd2 Qg2+ 1/2-1/2

[Event "SK Schmiden/Cannstatt 1 - SC Weiler im Allgäu 1"]
[Site "Oberliga Württemberg 2017/2018"]
[Date "2018.01.21"]
[Round "6"]
[White "Plat, Vojtech"]
[Black "Holzhäuer, Mathias"]
[Result "1-0"]
[WhiteElo "2548"]
[BlackElo "2222"]
[Annotator ""]
[Source ""]
[Remark ""]

1.e4 d5 2.exd5 Nf6 3.d4 Bg4 4.Nf3 Qxd5 5.Be2 Nc6 6.c4 Qf5 7.Be3
O-O-O 8.Nbd2 e6 9.a3 h5 10.h3 Bxf3 11.Nxf3 e5 12.d5 e4 13.Nh4
Qe5 14.Qd2 Nxd5 {(=)} 15.cxd5 Rxd5 16.Qc1 g5 17.f4 gxf4 18.Bxf4
Qe7 19.g3 Nd4 20.Qc4 Qd7 21.Rd1 Bc5 22.Ng2 b5 23.Qc3 Re8 24.Ne3
Nf3+ 25.Kf2 Re7 26.Rxd5 Qxd5 27.Rd1 Qf5 28.b4 Bxe3+ 29.Kxe3 Kb7
30.Qc5 Qxc5+ 31.bxc5 Kc6 32.Rb1 a6 33.a4 bxa4 34.Bxa6 f5 35.Bb5+
Kxc5 36.Bxa4 h4 37.Bd1 Ng1 38.Bg4 fxg4 39.Rxg1 gxh3 40.gxh4 Rh7
41.Bg5 Kd5 42.Rh1 c5 43.Rxh3 Ra7 44.Ke2 Ra2+ 45.Bd2 Ke6 46.h5
e3 47.Rxe3+ Kf7 48.Rg3 Ra1 49.h6 Rh1 50.Rg7+ Kf8 51.Bf4 c4 52.Bd6+
Ke8 53.h7 c3 54.Rg8+ Kf7 55.h8Q 1-0

[Event "SK Schmiden/Cannstatt 1 - SC Weiler im Allgäu 1"]
[Site "Oberliga Württemberg 2017/2018"]
[Date "2018.01.21"]
[Round "6"]
[White "Kabisch, Thilo"]
[Black "Cvek, Robert"]
[Result "1/2-1/2"]
[WhiteElo "2285"]
[BlackElo "2501"]
[Annotator ""]
[Source ""]
[Remark ""]

1.e4 c5 2.Nf3 Nc6 3.d4 cxd4 4.Nxd4 Nf6 5.Nc3 d6 6.Bc4 e6 7.a3
Be7 8.Ba2 a6 9.O-O O-O 10.Kh1 Nxd4 11.Qxd4 b5 12.Bg5 Bb7 13.f3
Rc8 14.Rfd1 Qc7 15.a4 h6 16.Bh4 e5 17.Qa7 b4 18.Bxf6 Bxf6 19.Nd5
Bxd5 20.Qxc7 Rxc7 21.Bxd5 Rxc2 22.b3 a5 23.Rac1 Rfc8 24.Bc4 Rc3
25.Rxc3 bxc3 26.Rc1 d5 27.exd5 e4 28.fxe4 Be5 29.g3 Kf8 30.Kg2
Ke7 31.Kf3 Kd6 32.Ke2 Kc5 33.Kd3 Kb4 34.Rf1 f6 35.Kc2 h5 36.Rf3
Kc5 37.Kd3 Rh8 38.h3 Rh6 39.Kc2 Rg6 40.Be2 Rxg3 41.Rxg3 Bxg3
42.Kxc3 g6 43.Bb5 g5 44.Be2 Be5+ 45.Kd3 g4 46.hxg4 h4 47.Bf1
Kb4 48.Kc2 Bd6 49.Bh3 Be5 50.g5 fxg5 51.Bd7 Kc5 52.Kd3 Kb4 53.Kc2
Kc5 54.Kd3 Kb4 55.Ke3 Kxb3 56.Kf3 h3 57.Bxh3 Kxa4 58.Bd7+ Kb4
59.Kg4 Kc5 1/2-1/2

[Event "SK Schmiden/Cannstatt 1 - SC Weiler im Allgäu 1"]
[Site "Oberliga Württemberg 2017/2018"]
[Date "2018.01.21"]
[Round "6"]
[White "Balacek, Tadeas"]
[Black "Trachtmann, Mark"]
[Result "1/2-1/2"]
[WhiteElo "2291"]
[BlackElo "2282"]
[Annotator ""]
[Source ""]
[Remark ""]

1.d4 g6 2.c4 Bg7 3.e4 d6 4.Nc3 Nc6 5.Be3 e5 6.d5 Nce7 7.g4 f5
8.gxf5 gxf5 9.Qh5+ Ng6 10.exf5 Qh4 11.Qf3 N6e7 12.Bd3 Nf6 13.Nge2
e4 14.Nxe4 Nxe4 15.Bxe4 O-O 16.Rg1 Bxf5 17.Qg3 Ng6 18.Bxf5 Rxf5
19.Qxh4 Nxh4 20.Nd4 Rf7 21.O-O-O Kh8 22.Rg4 Ng6 23.Ne6 Bf6 24.f4
Re8 25.Bf2 c6 26.h4 cxd5 27.cxd5 a6 28.Rd2 Ne7 29.Ng5 Rg7 30.Rg1
Nf5 31.h5 Rc7+ 32.Kb1 Rg7 33.Ne6 Rxg1+ 34.Bxg1 Ne7 35.Ng5 Nf5
36.Bf2 h6 37.Ne6 Ne7 38.Bg3 Nf5 39.Bf2 Ne7 40.Nc7 Rc8 41.Bb6
Nf5 42.Ne6 Rc4 43.a3 Re4 44.Rc2 Ne7 45.Rd2 1/2-1/2

[Event "SK Schmiden/Cannstatt 1 - SC Weiler im Allgäu 1"]
[Site "Oberliga Württemberg 2017/2018"]
[Date "2018.01.21"]
[Round "6"]
[White "Niklasch, Oliver"]
[Black "Hasenohr, Benedict"]
[Result "1-0"]
[WhiteElo "2238"]
[BlackElo "2332"]
[Annotator ""]
[Source ""]
[Remark ""]

1.c4 c6 2.Nf3 d5 3.g3 Nf6 4.b3 Bf5 5.Bg2 e6 6.O-O Be7 7.Bb2 O-O
8.d3 h6 9.Nbd2 a5 10.a3 Nbd7 11.Rc1 Re8 12.Rc2 Qb6 13.Qa1 Bf8
14.Rfc1 Ng4 15.Rf1 e5 16.cxd5 cxd5 17.e4 Bh7 18.h3 Nxf2 19.Rxf2
f6 20.Qf1 Bc5 21.Ne1 Bxf2+ 22.Qxf2 d4 23.Bc1 Rec8 24.Nc4 Qxb3
25.Rb2 Qd1 26.Qd2 Qxd2 27.Bxd2 Rc7 28.Nxa5 Nc5 29.Rb5 Bg6 30.Bb4
Na6 31.Bf3 Ra7 32.Bd1 Be8 33.Bb3+ Kh7 34.Rb6 Rc1 35.Kf2 Rb1 36.Bd5
Rb2+ 37.Kf3 Nxb4 38.axb4 Bc6 39.g4 Kg6 40.Ng2 Rd2 41.Bc4 h5 42.Kg3
hxg4 43.hxg4 Kh7 44.Nh4 Ba4 45.Nf3 Re2 46.g5 Bd1 47.Ng1 Re3+
48.Kg2 fxg5 49.Nh3 g6 50.Nxg5+ Kg7 51.Nf7 Re2+ 52.Kg3 Re3+ 53.Kg2
Re2+ 54.Kg3 Ra8 55.Nxe5 Re3+ 56.Kg2 Re2+ 57.Kg3 Re3+ 58.Kg2 Rf8
59.Rxb7+ Kh6 60.Nf7+ Kh5 61.Nc6 Bf3+ 62.Kf2 Bxe4 63.dxe4 Rxe4
64.Rb5+ Kh4 65.Re5 Rf4+ 66.Ke2 Ra8 67.Na5 Ra7 68.Kd3 Rd7 69.b5
Rf3+ 70.Ke2 Rc3 71.Re4+ Kg3 72.Ne5 Ra7 73.Nec6 Rh7 74.Kd2 Ra3
75.b6 Kf3 76.Bd5 Kg3 77.b7 Rh2+ 78.Re2 1-0

[Event "SK Schmiden/Cannstatt 1 - SC Weiler im Allgäu 1"]
[Site "Oberliga Württemberg 2017/2018"]
[Date "2018.01.21"]
[Round "6"]
[White "Wunder, Niklas"]
[Black "Krockenberger, Martin"]
[Result "0-1"]
[WhiteElo "2088"]
[BlackElo "2219"]
[Annotator ""]
[Source ""]
[Remark ""]

1.d4 Nf6 2.c4 g6 3.Nc3 Bg7 4.e4 d6 5.Nf3 O-O 6.Be2 e5 7.O-O Nc6
8.d5 Ne7 9.b4 Ne8 10.a4 f5 11.Ng5 Nf6 12.f3 c6 13.Qb3 Kh8 14.Rd1
cxd5 15.cxd5 fxe4 16.fxe4 Qb6+ 17.Kh1 Ng4 18.Bxg4 Bxg4 19.Re1
Ng8 20.Be3 Qd8 21.h3 Bh6 22.Ne6 Bxe6 23.dxe6 Qe7 24.Rad1 a6 25.Bxh6
Nxh6 26.Re2 Rfe8 27.Nd5 Qg7 28.Red2 Rad8 29.Nb6 Qe7 30.Nd5 Qh4
31.e7 Rb8 32.Rf1 Ng8 33.Rdf2 Nxe7 34.Rf7 Ng8 35.Qf3 Rec8 36.Rd7
Qh6 37.Qg4 Rf8 38.Rxf8 Rxf8 39.Rxb7 Rf1+ 40.Kh2 Qc1 41.Qe2 Re1
42.Qf2 Rh1+ 43.Kg3 Qg5+ 44.Kf3 Rd1 45.Ne3 Qf4+ 46.Ke2 Rd2+ 47.Kxd2
Qxf2+ 48.Kd3 Nf6 49.b5 axb5 50.axb5 Qb2 51.b6 Qb5+ 0-1

[Event "SK Schmiden/Cannstatt 1 - SC Weiler im Allgäu 1"]
[Site "Oberliga Württemberg 2017/2018"]
[Date "2018.01.21"]
[Round "6"]
[White "Eisele, Steffen"]
[Black "Srba, Milan"]
[Result "1/2-1/2"]
[WhiteElo "2252"]
[BlackElo "2157"]
[Annotator ""]
[Source ""]
[Remark ""]

1.e4 e6 2.d4 d5 3.Nd2 Nc6 4.Ngf3 Nf6 5.e5 Nd7 6.Nb3 f6 7.Bb5
a5 8.a4 Na7 9.Be2 Nc6 10.Bb5 Na7 11.Bxd7+ Bxd7 12.Nxa5 Bb4+ 13.Bd2
Bxa5 14.Bxa5 Nc8 15.Bb4 Rxa4 16.Rxa4 Bxa4 17.exf6 gxf6 18.O-O
Kd7 19.Re1 Qg8 20.Nd2 Qg6 21.Qe2 Re8 22.b3 Bc6 23.Nf1 e5 24.Qf3
exd4 25.Rxe8 Kxe8 26.Qf4 Nd6 27.Bxd6 cxd6 28.Qxd6 Qxc2 29.Qe6+
Kd8 30.Qxf6+ Kc7 31.Qxd4 Qxb3 32.Qe5+ Kb6 33.f4 Qd1 34.Kf2 d4
35.f5 Qc2+ 36.Ke1 d3 37.Qe3+ Kc7 38.g4 b5 39.Qe5+ Kb7 40.Qe7+
Ka6 41.Qa3+ Kb6 42.Nd2 Bf3 43.Qd6+ Ka5 44.Qa3+ 1/2-1/2

[Event "SK Schmiden/Cannstatt 1 - SC Weiler im Allgäu 1"]
[Site "Oberliga Württemberg 2017/2018"]
[Date "2018.01.21"]
[Round "6"]
[White "Wunder, Fabian"]
[Black "Thoma, Christian"]
[Result "0-1"]
[WhiteElo "2038"]
[BlackElo "2177"]
[Annotator ""]
[Source ""]
[Remark ""]

1.d4 Nf6 2.c4 e6 3.g3 d5 4.Nf3 Bb4+ 5.Bd2 Bd6 6.Bg2 c6 7.Nc3
Nbd7 8.Qc2 dxc4 9.a4 O-O 10.O-O h6 11.a5 a6 12.Nd1 e5 13.Ne3
e4 14.Ne1 Re8 15.Nxc4 Bc7 16.b4 Nf8 17.Qb2 Bg4 18.Bc1 Nd5 19.e3
Qe7 20.Rb1 Nd7 21.Qd2 N7f6 22.Nc2 Qe6 23.Nb2 Bf3 24.Na4 Qf5 25.Ne1
Bxg2 26.Kxg2 Re7 27.Rb3 h5 28.f4 exf3+ 29.Nxf3 Rae8 30.Re1 Ng4
31.Ne5 Qe4+ 32.Kg1 Bxe5 33.Nc5 Qg6 34.dxe5 Nxe5 35.e4 Nf6 36.Qc2
Ned7 37.Nxb7 Rxe4 38.Rxe4 Rxe4 39.Qd2 Qg4 40.Re3 Rxe3 41.Qxe3
Qxb4 42.Nd8 Qd6 43.Nb7 Qd5 44.Ba3 Ne5 45.h3 Ne4 46.Nc5 Nxc5 47.Bxc5
Nd3 48.Bd4 c5 49.Bc3 c4 50.Kh2 Qe6 51.Qf3 h4 52.gxh4 Qd6+ 53.Kh1
Qg6 54.h5 Qe4 55.Kg2 Nf4+ 56.Kf2 Qc2+ 57.Ke1 Nd3+ 58.Kf1 Qxc3
59.Qa8+ Kh7 60.Qe4+ Kh6 61.Qc6+ Qf6+ 0-1

[Event "SK Schmiden/Cannstatt 1 - SC Weiler im Allgäu 1"]
[Site "Oberliga Württemberg 2017/2018"]
[Date "2018.01.21"]
[Round "6"]
[White "Witke, Thomas"]
[Black "Hosticka, Frantisek"]
[Result "1/2-1/2"]
[WhiteElo "2053"]
[BlackElo "2090"]
[Annotator ""]
[Source ""]
[Remark ""]

1.d4 Nf6 2.Nf3 e6 3.Bf4 c5 4.e3 Qb6 5.Nc3 cxd4 6.exd4 Bb4 7.Bd3
Nd5 8.Bd2 Nxc3 9.bxc3 Be7 10.O-O d6 {(=)} 11.Bg5 Qd8 12.Qd2 h6
13.Bxe7 Qxe7 14.Rfe1 O-O 15.a4 1/2-1/2

[Event "SG Schwäbisch Gmünd 1 - SV Stuttgart-Wolfbusch 1"]
[Site "Oberliga Württemberg 2017/2018"]
[Date "2018.01.21"]
[Round "6"]
[White "Häcker, Alexander"]
[Black "Velicka, Petr"]
[Result "1-0"]
[WhiteElo "2222"]
[BlackElo "2393"]
[Annotator ""]
[Source ""]
[Remark ""]

1.e4 c6 2.d4 d5 3.Nc3 dxe4 4.Nxe4 Bf5 5.Ng3 Bg6 6.h4 h6 7.Nf3
e6 8.h5 Bh7 9.Bd3 Bxd3 10.Qxd3 Nf6 11.Bd2 c5 12.Ne4 Nc6 13.Bc3
cxd4 14.Nxd4 Nxd4 15.Nxf6+ Qxf6 16.Qxd4 Qxd4 17.Bxd4 f6 18.O-O-O
Bd6 19.Rd3 Ke7 20.Rhd1 Rhd8 21.Be3 b6 22.Kb1 Rac8 23.b3 Rc6 24.c4
Rdc8 25.Bc1 R8c7 26.Rxd6 Rxd6 27.Ba3 Rc5 28.Bxc5 bxc5 29.Rxd6
Kxd6 30.Kc2 Ke7 31.Kc3 Kf7 32.b4 g6 33.hxg6+ Kxg6 34.bxc5 Kf7
35.Kb4 Ke7 36.c6 Kd6 37.Kb5 h5 38.g3 e5 39.c7 Kxc7 40.Kc5 a5
41.Kd5 Kd7 42.a4 Ke7 43.Kc6 Ke6 44.c5 f5 45.Kb7 1-0

[Event "SG Schwäbisch Gmünd 1 - SV Stuttgart-Wolfbusch 1"]
[Site "Oberliga Württemberg 2017/2018"]
[Date "2018.01.21"]
[Round "6"]
[White "Jurek, Josef"]
[Black "Ludwig, Sebastian"]
[Result "1/2-1/2"]
[WhiteElo "2263"]
[BlackElo "2069"]
[Annotator ""]
[Source ""]
[Remark ""]

1.Nf3 e6 2.g3 d5 3.Bg2 Nf6 4.O-O Be7 5.c4 O-O 6.d4 dxc4 7.Qc2
a6 8.a4 Bd7 9.Rd1 Bc6 10.Nc3 a5 11.e4 Na6 12.Ne5 Nb4 13.Qe2 Qe8
14.Qxc4 Rc8 15.b3 Nd7 16.Nxc6 bxc6 17.Na2 Nb6 18.Qe2 Qd7 19.Be3
Rfd8 20.Nxb4 Bxb4 21.Qc2 Rb8 22.Rdc1 e5 23.dxe5 Qe6 24.Rab1 Ba3
25.Rd1 Rxd1+ 26.Rxd1 Nd7 27.Qd2 Nxe5 28.Bf4 f6 1/2-1/2

[Event "SG Schwäbisch Gmünd 1 - SV Stuttgart-Wolfbusch 1"]
[Site "Oberliga Württemberg 2017/2018"]
[Date "2018.01.21"]
[Round "6"]
[White "Schapotschnikov, Philipp"]
[Black "Weiss, Andreas"]
[Result "1-0"]
[WhiteElo "2149"]
[BlackElo "2142"]
[Annotator ""]
[Source ""]
[Remark ""]

1.e4 c5 2.Nf3 e6 3.c3 d5 4.e5 Nc6 5.d4 Qb6 6.a3 a5 7.b3 Bd7 8.Be2
f6 9.O-O fxe5 10.Nxe5 Nxe5 11.dxe5 Qc7 12.Bf4 g6 13.Nd2 Bg7 14.Nf3
Ne7 15.Bd3 O-O 16.Qd2 Bc6 17.Ng5 Qd7 18.Rfe1 Nf5 19.Rad1 Rad8
20.c4 h6 21.cxd5 hxg5 22.dxc6 Qxd3 23.Qxd3 Rxd3 24.Rxd3 gxf4
25.c7 Nd4 26.Rc1 b6 27.Rxd4 Bxe5 28.Rd7 1-0

[Event "SG Schwäbisch Gmünd 1 - SV Stuttgart-Wolfbusch 1"]
[Site "Oberliga Württemberg 2017/2018"]
[Date "2018.01.21"]
[Round "6"]
[White "Denisow, Jewgeny"]
[Black "Smolka, Alexander"]
[Result "1-0"]
[WhiteElo "2146"]
[BlackElo "2078"]
[Annotator ""]
[Source ""]
[Remark ""]

1.e4 e5 2.Nf3 Nc6 3.c3 d5 4.Qa4 f6 5.d3 Be6 6.Be2 Qd7 7.O-O Nge7
8.Rd1 Nc8 9.Be3 Bd6 10.exd5 Bxd5 11.c4 Be6 12.c5 Bf8 13.Nc3 N8e7
14.d4 Nxd4 15.Bb5 c6 16.Nxd4 exd4 17.Rxd4 Qc8 18.Bc4 Kf7 19.Rad1
b5 20.cxb6 axb6 21.Bxe6+ Kxe6 22.Qc4+ Kf5 23.Qf7 1-0

[Event "SG Schwäbisch Gmünd 1 - SV Stuttgart-Wolfbusch 1"]
[Site "Oberliga Württemberg 2017/2018"]
[Date "2018.01.21"]
[Round "6"]
[White "Behm, Simon"]
[Black "Hönick, Andreas"]
[Result "1/2-1/2"]
[WhiteElo "2134"]
[BlackElo "2086"]
[Annotator ""]
[Source ""]
[Remark ""]

1.d4 d5 2.c4 e6 3.Nc3 Bb4 4.e3 Nf6 5.Bd3 O-O 6.Nge2 dxc4 7.Bxc4
c5 8.O-O a6 9.a3 cxd4 10.exd4 Be7 11.Bg5 Nbd7 12.Rc1 b5 13.Ba2
Bb7 14.Re1 Re8 15.Nf4 Nf8 16.Bxf6 Bxf6 17.d5 exd5 18.Rxe8 Qxe8
19.Ncxd5 Be5 20.Nc7 Bxc7 21.Rxc7 Rd8 22.Qc1 Rd7 23.h3 Ng6 1/2-1/2